ՀՀ Գիտությունների ազգային ակադեմիայի հիմնարար գիտական գրադարան  =   Fundamental Scientific Library of NAS RA

Стихи : (Record no. 156063)

MARC details
000 -LEADER
fixed length control field 00549nam a2200181 u 4500
001 - CONTROL NUMBER
control field 000410163
003 - CONTROL NUMBER IDENTIFIER
control field AM-YEHGA
005 - DATE AND TIME OF LATEST TRANSACTION
control field 20250617132733.0
008 - FIXED-LENGTH DATA ELEMENTS--GENERAL INFORMATION
fixed length control field 050216s1961 ||| r 000 0 rus d
040 ## - CATALOGING SOURCE
Original cataloging agency AM-YeHGA
041 1# - LANGUAGE CODE
Language code of text/sound track or separate title rus
Language code of original fre
090 ## - LOCALLY ASSIGNED LC-TYPE CALL NUMBER (OCLC); LOCAL CALL NUMBER (RLIN)
-- 157462
100 1# - MAIN ENTRY--PERSONAL NAME
Personal name Верхарн, Эмиль.
245 10 - TITLE STATEMENT
Title Стихи :
Remainder of title Пер. с фр. /
Statement of responsibility, etc. Эмиль Верхарн.
260 ## - PUBLICATION, DISTRIBUTION, ETC.
Place of publication, distribution, etc. Москва ;
-- Ленинград :
Name of publisher, distributor, etc. Гослитиздат,
Date of publication, distribution, etc. 1961.
300 ## - PHYSICAL DESCRIPTION
Extent 326 с.
653 0# - INDEX TERM--UNCONTROLLED
Uncontrolled term Французская поэзия - 19-20 в.
Holdings
Withdrawn status Lost status Damaged status Not for loan Collection Home library Current library Date acquired Total checkouts Full call number Barcode Date last seen Price effective from Koha item type Public note Source of classification or shelving scheme
        General Fundamental Scientific Library Fundamental Scientific Library 28/12/2016   840 110050482 28/12/2016 28/12/2016 Գրքեր / Books Two weeks Loan  
        General Fundamental Scientific Library Fundamental Scientific Library 28/12/2016   PI/4362 FL0091011 28/12/2016 28/12/2016 Գրքեր / Books 30 Days Loan Universal Decimal Classification
        General Fundamental Scientific Library Fundamental Scientific Library 28/12/2016   PI/4375 FL0091023 28/12/2016 28/12/2016 Գրքեր / Books 30 Days Loan Universal Decimal Classification
        Gagik Sargsyan Individual Collection Fundamental Scientific Library Fundamental Scientific Library 31/01/2022   ГСарг/893 FL0670774 31/01/2022 31/01/2022 Գրքեր / Books ILL Non-Circ.  


ՀՀ ԳԱԱ հիմնարար գիտական գրադարան
ՀՀ,Երևան 0019
Մարշալ Բաղրամյան 24/6
հեռախոս:(374-10) 52-47-50
Հետադարձ կապ

All site content, except where otherwise noted, is licensed under a
Creative Commons License